Estatísticas para Os 15 principais países com mortes por Covid19 - 6 fev 2021

Clique aqui para jogar o quiz

Estatísticas Gerais

  • Esse quiz foi jogado 12 vezes
  • A pontuação média é 17 de 24

Estatísticas das Respostas

país% Correto
Argentina
100%
Bélgica
100%
Brasil
100%
Estados Unidos
100%
Índia
100%
Itália
100%
México
100%
Alemanha
80%
Chequia
80%
Colômbia
80%
Espanha
80%
França
80%
Irão
80%
Reino Unido
80%
Rússia
80%
África do Sul
60%
Peru
60%
Bósnia e Herzegovina
40%
Hungria
40%
Macedónia do Norte
40%
Portugal
40%
Bulgária
20%
Croácia
20%
Eslovénia
20%

Distribuição das Pontuações

Percentil de Números Respondidos

Porcentagem de Pessoas com Cada Pontuação

Sua Pontuação Histórica

Você não jogou esse quiz